[Event "TCh-TUR Super League 2015"]
[Site "Kocaeli TUR"]
[Date "2015.08.11"]
[Round "8.2"]
[Board "6"]
[White "Ozer, Omer Faruk"]
[Black "Yaver, Faik Emre"]
[Result "1-0"]
[WhiteElo "2067"]
[BlackElo "2006"]
[WhiteTeam "Akdeniz Belediyesi Sports Club"]
[BlackTeam "Ankara Demirspor Kulubu"]
[WhiteFideId "6354564"]
[BlackFideId "6329969"]
[EventDate "2015.08.04"]

1. e4 e5 2. Nc3 Nc6 3. g3 Bc5 4. Bg2 Nf6 5. d3 a6 6. h3 d6 7. Nge2 Be6 8. O-O
Qd7 9. Kh2 h6 10. f4 Qe7 11. Nd5 Bxd5 12. exd5 Nb8 13. d4 exd4 14. Nxd4 O-O 15.
Re1 Qd8 16. b3 Nbd7 17. Bb2 Re8 18. Qd2 Rxe1 19. Rxe1 Qf8 20. b4 Bb6 21. Ne6
fxe6 22. dxe6 c6 23. exd7 Nxd7 24. Re6 Qf7 25. Rxd6 Nf8 26. Qe2 Re8 27. Qg4 Re1
28. Bf3 h5 29. Qg5 h4 30. Bh5 hxg3+ 31. Qxg3 Qe7 32. Qb3+ Kh7 33. Qd3+ Kg8 34.
Qc4+ Kh7 35. Rd1 Qh4 36. Qd3+ g6 37. Qg3 Qxg3+ 38. Kxg3 Re7 39. Bg4 Bc7 40. Kf3
Rf7 41. Kg2 Bxf4 42. Bd4 Nd7 43. Rf1 g5 44. h4 Kg6 45. h5+ Kh6 46. Re1 Nf8 47.
Bc5 Bc7 48. Re8 Nh7 49. Re6+ Nf6 50. Be7 Rxe7 51. Rxe7 Nxg4 52. Rxc7 Ne3+ 53.
Kh2 Nxc2 54. Rxb7 Kxh5 55. Rb6 Kg4 56. Rxc6 Ne3 57. Rxa6 Kf4 58. Rf6+ Ke5 59.
Rf8 Kd5 60. Rc8 Ng4+ 61. Kg3 Nf6 62. b5 Ne4+ 63. Kg2 Nd6 64. Rd8 Kc5 65. Rxd6
Kxd6 66. a4 1-0

[Event "TCh-TUR Super League 2015"]
[Site "Kocaeli TUR"]
[Date "2015.08.11"]
[Round "8.2"]
[Board "7"]
[White "Karaahmetoglu, Ege"]
[Black "Acar, Utku Cengiz"]
[Result "1/2-1/2"]
[WhiteElo "2032"]
[BlackElo "1930"]
[WhiteTeam "Ankara Demirspor Kulubu"]
[BlackTeam "Akdeniz Belediyesi Sports Club"]
[WhiteFideId "6361145"]
[BlackFideId "6358900"]
[EventDate "2015.08.04"]

1. e4 Nf6 2. e5 Nd5 3. d4 d6 4. c4 Nb6 5. exd6 exd6 6. Nc3 Nc6 7. Be3 Be7 8. Bd3
O-O 9. b3 Bf6 10. Nge2 Re8 11. h3 Bg5 12. Bxg5 Qxg5 13. Qd2 Qxg2 14. O-O-O Qxf2
15. Ne4 Qh4 16. c5 Rxe4 17. Bxe4 Qxe4 18. cxb6 axb6 19. Nc3 Qf5 20. d5 Ne5 21.
Rdf1 Qh5 22. Ne4 Qh4 23. Nc3 Qb4 24. Rhg1 g6 25. Kb1 Ra5 26. Rf4 Qc5 27. Rc1 Kg7
28. b4 Rb5 29. Nxb5 Qxb5 30. Rxc7 Bxh3 31. Rfxf7+ Nxf7 32. Qc3+ Kg8 33. Qxh3
Qxb4+ 34. Kc1 Qf4+ 35. Kc2 Qe4+ 36. Qd3 Qa4+ 37. Kb2 Ne5 38. Rc8+ Kg7 39. Rc7+
Kg8 40. Rc8+ Kg7 41. Rc7+ Kg8 1/2-1/2

[Event "TCh-TUR Super League 2015"]
[Site "Kocaeli TUR"]
[Date "2015.08.11"]
[Round "8.2"]
[Board "8"]
[White "Temel, Burcu Melis"]
[Black "Sahin, Hayrun Nisa"]
[Result "1/2-1/2"]
[WhiteTitle "WCM"]
[WhiteElo "1878"]
[BlackElo "1648"]
[WhiteTeam "Akdeniz Belediyesi Sports Club"]
[BlackTeam "Ankara Demirspor Kulubu"]
[WhiteFideId "6345492"]
[BlackFideId "6380875"]
[EventDate "2015.08.04"]

1. d4 Nf6 2. Nc3 g6 3. e4 d6 4. f3 Bg7 5. Be3 O-O 6. Qd2 c6 7. h4 e5 8. Nge2
Nbd7 9. g4 h5 10. Bg5 Qc7 11. gxh5 Nxh5 12. O-O-O b5 13. dxe5 dxe5 14. Qd6 Qxd6
15. Rxd6 Nb8 16. Bg2 Be6 17. Rhd1 Re8 18. R1d2 Bf8 19. Rd8 Na6 20. Rxa8 Rxa8 21.
Be3 Be7 22. Bg5 Bc5 23. Rd1 f6 24. Bd2 Rd8 25. b3 Bf2 26. Be1 Rxd1+ 27. Kxd1
Bxe1 28. Kxe1 Nc5 29. Kd2 Kf7 30. Nd1 Ke7 31. Nf2 a5 32. Bh3 Bxh3 33. Nxh3 Ne6
34. Ke3 Kd6 35. c3 Ke7 36. Kd3 Kd6 37. Ke3 Ke7 1/2-1/2

[Event "TCh-TUR Super League 2015"]
[Site "Kocaeli TUR"]
[Date "2015.08.11"]
[Round "8.3"]
[Board "2"]
[White "Esen, Baris"]
[Black "Solak, Dragan"]
[Result "0-1"]
[WhiteTitle "GM"]
[BlackTitle "GM"]
[WhiteElo "2567"]
[BlackElo "2622"]
[WhiteTeam "Deniz Su Aquamatch Satranc Genclik Ve Sports Club"]
[BlackTeam "Besiktas Jimnastik Kulubu"]
[WhiteFideId "6302114"]
[BlackFideId "916811"]
[EventDate "2015.08.04"]

1. d4 d6 2. Nf3 Nf6 3. c4 g6 4. Nc3 Bg7 5. e4 O-O 6. Be2 e5 7. d5 a5 8. h3 Nfd7
9. g4 Nc5 10. Be3 Nba6 11. g5 c6 12. h4 Bd7 13. Nd2 a4 14. h5 gxh5 15. a3 f5 16.
gxf6 Bxf6 17. Rxh5 Be8 18. Rh2 Bg6 19. Nxa4 Nxa4 20. Qxa4 cxd5 21. cxd5 Nc5 22.
Qc2 Rc8 23. Bxc5 Rxc5 24. Qb3 Bg5 25. Rd1 Bf4 26. Rh1 Bxd2+ 27. Rxd2 Bxe4 28.
Rg1+ Bg6 29. Qxb7 Qh4 30. Rf1 e4 31. Qd7 Rc1+ 32. Rd1 Rc2 33. Rd2 Rc1+ 34. Rd1
Rc2 35. Rd2 Rxd2 36. Kxd2 Qg5+ 37. Kc2 e3+ 38. Kb3 Rb8+ 39. Bb5 Qxd5+ 40. Ka4
Bc2+ 41. Ka5 Ra8+ 42. Kb4 Qc5# 0-1

[Event "TCh-TUR Super League 2015"]
[Site "Kocaeli TUR"]
[Date "2015.08.11"]
[Round "8.3"]
[Board "3"]
[White "Mamedov, Rauf"]
[Black "Firat, Burak"]
[Result "1-0"]
[WhiteTitle "GM"]
[BlackTitle "IM"]
[WhiteElo "2651"]
[BlackElo "2470"]
[WhiteTeam "Besiktas Jimnastik Kulubu"]
[BlackTeam "Deniz Su Aquamatch Satranc Genclik Ve Sports Club"]
[WhiteFideId "13401653"]
[BlackFideId "6305881"]
[EventDate "2015.08.04"]

1. e4 e6 2. d3 c5 3. Nc3 a6 4. g3 b5 5. Bg2 Bb7 6. f4 d5 7. f5 exf5 8. Nxd5 Ne7
9. Qe2 fxe4 10. dxe4 Ng6 11. Nf3 Be7 12. h4 Nc6 13. h5 Nf8 14. h6 g6 15. Be3 Ne6
16. c3 O-O 17. O-O Qd6 18. Qe1 Rae8 19. Rd1 Qb8 20. Qf2 Bd8 21. b4 c4 22. Bb6 f5
23. Bxd8 Ncxd8 24. Nh4 f4 25. Qb6 Qe5 26. Nxf4 Nxf4 27. Rxf4 Rxf4 28. gxf4 Qe7
29. Nf3 Nf7 30. e5 Nxh6 31. Ng5 Bxg2 32. Kxg2 Ng4 33. Kg3 Nh6 34. Qc6 Nf5+ 35.
Kh3 Qf8 36. Rd7 Ne3 37. Kg3 Qf5 38. Kf3 h6 39. Rd6 Rf8 40. Rxg6+ Kh8 41. Rxh6+ 1-0

[Event "TCh-TUR Super League 2015"]
[Site "Kocaeli TUR"]
[Date "2015.08.11"]
[Round "8.3"]
[Board "4"]
[White "Erdogdu, Mert"]
[Black "Atakisi, Umut"]
[Result "1/2-1/2"]
[WhiteTitle "IM"]
[BlackTitle "IM"]
[WhiteElo "2419"]
[BlackElo "2332"]
[WhiteTeam "Deniz Su Aquamatch Satranc Genclik Ve Sports Club"]
[BlackTeam "Besiktas Jimnastik Kulubu"]
[WhiteFideId "6301495"]
[BlackFideId "6301037"]
[EventDate "2015.08.04"]

1. e4 c5 2. Nf3 Nc6 3. d4 cxd4 4. Nxd4 Nf6 5. Nc3 e6 6. Ndb5 Bc5 7. Bf4 O-O 8.
Bc7 Qe7 9. Bd6 Bxd6 10. Qxd6 Qd8 11. Qg3 d5 12. O-O-O Qa5 13. exd5 exd5 14. Qc7
Be6 15. Qxa5 Nxa5 16. f3 Nc6 17. Nd4 Rac8 18. Bb5 Nxd4 19. Rxd4 a6 20. Ba4 Rc4
21. Rhd1 Rxd4 22. Rxd4 Rd8 23. Bb3 Kf8 24. Ne2 Ke7 25. Kd2 g5 26. Ke3 Rd6 27.
Rd2 h6 28. Nc3 Rd8 29. Kd4 Kd6 30. a3 Rc8 31. Ke3 Rd8 32. Ne4+ Ke5 33. Nxf6 d4+
34. Kd3 Kxf6 35. Bxe6 fxe6 36. Ke4 e5 37. c3 Rc8 38. cxd4 exd4 39. Kxd4 Kf5 40.
Ke3 Ke5 41. g3 Rc6 42. h3 Rb6 43. f4+ gxf4+ 44. gxf4+ Kf5 45. Rd5+ Ke6 46. Re5+
Kf6 47. b4 Rd6 48. Rh5 Kg6 49. Rc5 Rd1 50. Rc7 Rh1 51. a4 Rxh3+ 52. Ke4 a5 53.
Rxb7 axb4 54. Rxb4 h5 55. Rb6+ Kg7 56. Kf5 Ra3 57. Rb7+ Kh6 58. Rb6+ Kg7 59. Kg5
Rxa4 60. Rb7+ Kf8 61. Rb8+ Kf7 62. Rb7+ Kf8 63. Rh7 Ra5+ 64. f5 Ra6 65. Rxh5 Rb6
66. Rh8+ Kf7 67. Ra8 Rc6 68. Ra7+ Kf8 69. f6 Rc1 70. Kg6 Rg1+ 1/2-1/2

[Event "TCh-TUR Super League 2015"]
[Site "Kocaeli TUR"]
[Date "2015.08.11"]
[Round "8.3"]
[Board "5"]
[White "Ozturk, Kubra"]
[Black "Dzagnidze, Nana"]
[Result "0-1"]
[WhiteTitle "WGM"]
[BlackTitle "GM"]
[WhiteElo "2240"]
[BlackElo "2573"]
[WhiteTeam "Besiktas Jimnastik Kulubu"]
[BlackTeam "Deniz Su Aquamatch Satranc Genclik Ve Sports Club"]
[WhiteFideId "6302599"]
[BlackFideId "13601903"]
[EventDate "2015.08.04"]

1. d4 Nf6 2. c4 e6 3. Nf3 b6 4. g3 Ba6 5. Qb3 c6 6. Bg2 Be7 7. Nc3 d5 8. cxd5
Nxd5 9. Ne5 O-O 10. Bd2 Bf6 11. O-O Bxe5 12. dxe5 Nd7 13. Rfd1 Nxe5 14. Bf4 Qf6
15. Qa3 Nxc3 16. Qxc3 Ng6 17. Qxf6 gxf6 18. Bh6 Rfd8 19. Bxc6 Bxe2 20. Re1 Rac8
21. Rac1 Ba6 22. Rc3 Ne5 23. Rec1 Nxc6 0-1

[Event "TCh-TUR Super League 2015"]
[Site "Kocaeli TUR"]
[Date "2015.08.11"]
[Round "8.3"]
[Board "6"]
[White "Sanal, Vahap"]
[Black "Arat, Ufuk Sezen"]
[Result "1-0"]
[WhiteTitle "IM"]
[BlackTitle "FM"]
[WhiteElo "2510"]
[BlackElo "2409"]
[WhiteTeam "Deniz Su Aquamatch Satranc Genclik Ve Sports Club"]
[BlackTeam "Besiktas Jimnastik Kulubu"]
[WhiteFideId "6300545"]
[BlackFideId "6309089"]
[EventDate "2015.08.04"]

1. Nf3 Nf6 2. c4 g6 3. b3 Bg7 4. Bb2 O-O 5. g3 c5 6. Bg2 Nc6 7. O-O d6 8. d4 Bd7
9. Nc3 Nxd4 10. Nxd4 cxd4 11. Qxd4 Bc6 12. Qd2 Bxg2 13. Kxg2 Qd7 14. f3 Rfd8 15.
e4 Ne8 16. a4 Nc7 17. Nd5 Bxb2 18. Qxb2 Nxd5 19. exd5 a6 20. a5 e5 21. dxe6 Qxe6
22. Rfe1 Qf5 23. Re7 d5 24. g4 Qf4 25. c5 d4 26. Rxb7 d3 27. Rd1 h5 28. Qd2 Qe5
29. gxh5 Qxh5 30. Qf4 Qd5 31. c6 g5 32. Qe4 Qxe4 33. fxe4 Rac8 34. Rb6 Rd4 35.
Kf3 f5 36. exf5 Kf7 37. Ke3 Rd5 38. Rxd3 Rxa5 39. Rd7+ Ke8 40. Rh7 Rxf5 41. Rxa6
Rf7 42. Rh8+ Rf8 43. Rxf8+ Kxf8 44. Kd4 1-0

[Event "TCh-TUR Super League 2015"]
[Site "Kocaeli TUR"]
[Date "2015.08.11"]
[Round "8.3"]
[Board "7"]
[White "Gokerkan, Cem Kaan"]
[Black "Tuncer, Tuna"]
[Result "1-0"]
[WhiteElo "2205"]
[BlackElo "2175"]
[WhiteTeam "Besiktas Jimnastik Kulubu"]
[BlackTeam "Deniz Su Aquamatch Satranc Genclik Ve Sports Club"]
[WhiteFideId "6336760"]
[BlackFideId "6349269"]
[EventDate "2015.08.04"]

1. e4 c5 2. Nf3 Nc6 3. Bb5 g6 4. c3 Nf6 5. e5 Nd5 6. d4 cxd4 7. O-O Bg7 8. cxd4
O-O 9. Nc3 Nxc3 10. bxc3 d6 11. exd6 Qxd6 12. a4 Rd8 13. Re1 Qc7 14. Bg5 Bf6 15.
Bxf6 exf6 16. Nd2 Bf5 17. Qf3 Kg7 18. Ne4 Rac8 19. Rad1 Bxe4 20. Rxe4 Na5 21.
Re3 a6 22. Bf1 Re8 23. Rxe8 Rxe8 24. d5 Qd6 25. Qg4 Nb3 26. Qb4 Nc5 27. a5 Re5
28. c4 Re7 29. Qa3 Rc7 30. Rb1 Ne4 31. Qe3 f5 32. Bd3 Qc5 33. Bxe4 Qxe3 34. fxe3
fxe4 35. Rc1 Kf6 36. c5 Ke5 37. d6 Rc8 38. Kf2 f5 39. h4 Kd5 40. Kg3 Re8 41. Kf4
Kc6 42. h5 gxh5 43. Kxf5 h4 44. Rd1 Kd7 45. Rb1 Kc8 46. Rb4 Rf8+ 47. Kxe4 Rf2
48. Ke5 Rxg2 49. Rxh4 Rg5+ 50. Ke6 Rg6+ 51. Kf5 Rg7 52. Rg4 Rf7+ 53. Ke6 Rf8 54.
e4 h5 55. Rh4 Rh8 56. e5 Rh6+ 57. Kd5 Kd7 58. Rb4 Kc8 1-0

[Event "TCh-TUR Super League 2015"]
[Site "Kocaeli TUR"]
[Date "2015.08.11"]
[Round "8.3"]
[Board "8"]
[White "Menzi, Nezihe Ezgi"]
[Black "Arda, Cagil Irmak"]
[Result "0-1"]
[WhiteTitle "WFM"]
[BlackTitle "WCM"]
[WhiteElo "1913"]
[BlackElo "1915"]
[WhiteTeam "Deniz Su Aquamatch Satranc Genclik Ve Sports Club"]
[BlackTeam "Besiktas Jimnastik Kulubu"]
[WhiteFideId "6310060"]
[BlackFideId "6351700"]
[EventDate "2015.08.04"]

1. e4 d6 2. d4 g6 3. Bd3 Bg7 4. c3 e5 5. Be3 Ne7 6. Nf3 c6 7. a4 O-O 8. Nbd2 h6
9. Qb3 Kh8 10. dxe5 dxe5 11. Bc4 f5 12. exf5 gxf5 13. Rd1 Qc7 14. O-O b6 15. Nb1
f4 16. Bc1 Bg4 17. Be6 Bh5 18. Nbd2 Bg6 19. Rfe1 Na6 20. Ne4 Bxe4 21. Rd7 Qb8
22. Rxe7 Nc5 23. Qc4 Qd6 24. Rxe4 Qxe7 25. Nxe5 Bxe5 26. Rxe5 Qd6 27. Qd4 Qxd4
28. cxd4 Nd3 29. Bd2 Nxe5 30. dxe5 Rad8 31. Be1 Rd1 32. Kf1 Re8 33. Bb3 Rxe1+
34. Kxe1 Rxe5+ 35. Kd2 Kg7 36. Bc4 Kf6 37. Be2 Ke6 38. Bf3 Rc5 39. Kd3 Rc1 40.
Kd2 Rc5 41. Kd3 Ke5 42. b3 a5 43. g3 b5 44. h4 fxg3 45. fxg3 b4 0-1

[Event "TCh-TUR Super League 2015"]
[Site "Kocaeli TUR"]
[Date "2015.08.11"]
[Round "8.4"]
[Board "1"]
[White "Mamedov, Nidjat"]
[Black "Yilmaz, Mustafa"]
[Result "1/2-1/2"]
[WhiteTitle "GM"]
[BlackTitle "GM"]
[WhiteElo "2597"]
[BlackElo "2582"]
[WhiteTeam "Calli Sports Club"]
[BlackTeam "Hatay Buyuksehir Belediyesi Genclik Sports Club"]
[WhiteFideId "13400819"]
[BlackFideId "6302718"]
[EventDate "2015.08.04"]

1. e4 c5 2. Nf3 d6 3. d4 cxd4 4. Nxd4 Nf6 5. Nc3 a6 6. Be2 e5 7. Nb3 Be7 8. O-O
O-O 9. a4 Be6 10. Bf3 Nbd7 11. a5 Qc7 12. Re1 Rfd8 13. Be3 h6 14. h3 Rac8 15.
Nd2 Nh7 16. Nf1 Bg5 17. Re2 Bxe3 18. Nxe3 Ndf6 19. h4 Nf8 20. Rd2 Ng6 21. g3 b5
22. axb6 Qxb6 23. Rd3 Ne7 24. b3 a5 25. Bg2 Qc5 26. Qd2 Nc6 27. Rd1 Nb4 28. Na4
Qc7 29. Rc3 Qb8 30. Rxc8 Rxc8 31. Nb2 a4 32. Nbc4 axb3 33. cxb3 Nc6 34. Qxd6 1/2-1/2

[Event "TCh-TUR Super League 2015"]
[Site "Kocaeli TUR"]
[Date "2015.08.11"]
[Round "8.4"]
[Board "2"]
[White "Amonatov, Farrukh"]
[Black "Ertan, Can"]
[Result "1-0"]
[WhiteTitle "GM"]
[BlackTitle "FM"]
[WhiteElo "2592"]
[BlackElo "2238"]
[WhiteTeam "Hatay Buyuksehir Belediyesi Genclik Sports Club"]
[BlackTeam "Calli Sports Club"]
[WhiteFideId "14700077"]
[BlackFideId "6306330"]
[EventDate "2015.08.04"]

1. e4 e5 2. Nf3 Nc6 3. d4 exd4 4. Nxd4 Bc5 5. Nb3 Bb6 6. Nc3 Qf6 7. Qe2 Nge7 8.
Be3 O-O 9. O-O-O d6 10. Kb1 Re8 11. Bxb6 cxb6 12. Qd2 Be6 13. f4 Rad8 14. Bd3 a6
15. h4 b5 16. Rdg1 Nd4 17. h5 Nec6 18. Nxd4 Qxd4 19. Nd5 Qa4 20. h6 Bxd5 21.
exd5 Nb4 22. Bxh7+ Kxh7 23. hxg7+ Kg6 24. f5+ Kf6 25. Rh6+ Ke7 26. a3 Nxc2 27.
Qxc2 Qxc2+ 28. Kxc2 Kd7 29. f6 Re2+ 30. Kb1 Rc8 31. Rc1 1-0

[Event "TCh-TUR Super League 2015"]
[Site "Kocaeli TUR"]
[Date "2015.08.11"]
[Round "8.4"]
[Board "3"]
[White "Burcu, Cagatay"]
[Black "Ali Marandi, Cemil Can"]
[Result "0-1"]
[BlackTitle "IM"]
[WhiteElo "2178"]
[BlackElo "2414"]
[WhiteTeam "Calli Sports Club"]
[BlackTeam "Hatay Buyuksehir Belediyesi Genclik Sports Club"]
[WhiteFideId "6310630"]
[BlackFideId "6300529"]
[EventDate "2015.08.04"]

1. d4 d5 2. c4 c6 3. Nf3 Nf6 4. cxd5 cxd5 5. Nc3 Nc6 6. Bf4 a6 7. Rc1 Bf5 8. e3
Rc8 9. Be2 Qb6 10. O-O e6 11. Na4 Qa7 12. Ne5 Be7 13. Qb3 O-O 14. Nxc6 Rxc6 15.
Rxc6 bxc6 16. Rc1 Ne4 17. Rxc6 g5 18. Rc7 Qa8 19. Rxe7 gxf4 20. Rc7 Qd8 21. Rc2
Nxf2 22. Kxf2 Qh4+ 23. Kf1 Bxc2 24. Qxc2 fxe3 25. Bxa6 Qxh2 26. Nc5 Rb8 27. b3
Rb4 28. Bd3 Qf4+ 29. Kg1 Rxd4 30. Bxh7+ Kg7 31. Bd3 e2 32. Bxe2 Qe3+ 33. Kf1 Rd2
34. Nxe6+ Kh6 0-1

[Event "TCh-TUR Super League 2015"]
[Site "Kocaeli TUR"]
[Date "2015.08.11"]
[Round "8.4"]
[Board "4"]
[White "Gulbas, Cemil"]
[Black "Caliskan, Kerem"]
[Result "1-0"]
[WhiteTitle "IM"]
[WhiteElo "2377"]
[BlackElo "1758"]
[WhiteTeam "Hatay Buyuksehir Belediyesi Genclik Sports Club"]
[BlackTeam "Calli Sports Club"]
[WhiteFideId "201820"]
[BlackFideId "6310699"]
[EventDate "2015.08.04"]

1. e4 e5 2. Nf3 Nc6 3. Bc4 Bc5 4. c3 Nf6 5. d3 d6 6. Nbd2 a6 7. Bb3 Ba7 8. Nf1
h6 9. Ng3 O-O 10. h3 Be6 11. O-O Bxb3 12. axb3 d5 13. Qe2 Re8 14. Be3 Bxe3 15.
fxe3 dxe4 16. dxe4 Re6 17. Rf2 Ne7 18. Nh4 Qe8 19. Raf1 Rd8 20. Qf3 g6 21. Qe2
Kg7 22. Nf3 Qc6 23. Nd2 b5 24. b4 Nc8 25. Nb3 Ne7 26. Rf3 Red6 27. Kh2 Neg8 28.
R3f2 R6d7 29. Nc5 Rd6 30. Ra1 Ra8 31. c4 bxc4 32. Qxc4 Qb6 33. Qc3 Qb5 34. Ra5
Qe8 35. b3 Kh7 36. Rfa2 Rdd8 37. Nxa6 Qe7 38. Qxc7 Qe6 39. Nc5 Qc8 40. Qxf7+ 1-0

[Event "TCh-TUR Super League 2015"]
[Site "Kocaeli TUR"]
[Date "2015.08.11"]
[Round "8.4"]
[Board "5"]
[White "Mammadova, Gulnar"]
[Black "Altinoz, Fevziye Ece"]
[Result "1-0"]
[WhiteTitle "WGM"]
[WhiteElo "2313"]
[BlackElo "1543"]
[WhiteTeam "Calli Sports Club"]
[BlackTeam "Hatay Buyuksehir Belediyesi Genclik Sports Club"]
[WhiteFideId "13403508"]
[BlackFideId "6358942"]
[EventDate "2015.08.04"]

1. e4 c5 2. Nf3 d6 3. d4 cxd4 4. Qxd4 Bd7 5. c4 Nc6 6. Qd2 Nf6 7. Nc3 Bg4 8. Be2
g6 9. b3 Bg7 10. Bb2 O-O 11. O-O a6 12. h3 Bxf3 13. Bxf3 Ne5 14. Be2 Rb8 15. Qe3
Qc7 16. Rac1 Qd7 17. Rfd1 Qc7 18. Na4 b6 19. f4 Nc6 20. Nc3 Qb7 21. Bf3 Nd7 22.
Rc2 Bxc3 23. Qxc3 f6 24. Qd2 Rbd8 25. e5 Kg7 26. exd6 Ndb8 27. dxe7 Rxd2 28.
exf8=Q+ Kxf8 29. Rcxd2 b5 30. Rd6 Qa7+ 31. Kh2 Qc7 32. Rxf6+ Ke8 33. Re1+ Ne7
34. Ba3 1-0

[Event "TCh-TUR Super League 2015"]
[Site "Kocaeli TUR"]
[Date "2015.08.11"]
[Round "8.4"]
[Board "6"]
[White "Buyukasik, Diyap"]
[Black "Saba, Zafer Rabin"]
[Result "1/2-1/2"]
[WhiteElo "2074"]
[BlackElo "1989"]
[WhiteTeam "Hatay Buyuksehir Belediyesi Genclik Sports Club"]
[BlackTeam "Calli Sports Club"]
[WhiteFideId "6319602"]
[BlackFideId "6329500"]
[EventDate "2015.08.04"]

1. Nf3 Nf6 2. g3 b5 3. Bg2 Bb7 4. O-O e6 5. b3 c5 6. c4 bxc4 7. bxc4 Be7 8. Nc3
O-O 9. Rb1 Bc6 10. d3 d6 11. e4 Nbd7 12. Qc2 Rb8 13. Bd2 a6 14. Bf4 Qc7 15. Rfe1
Rxb1 16. Qxb1 Rb8 17. Qc2 e5 18. Bd2 g6 19. Nd5 Bxd5 20. exd5 Bf8 21. Bc3 Rb7
22. Nd2 Ng4 23. Nb3 f5 24. Na5 Rb8 25. Nc6 Re8 26. Qb3 Bh6 27. Rb1 e4 28. dxe4
fxe4 29. Bh3 Ndf6 30. Bxf6 Nxf6 31. Qb7 Qxb7 32. Rxb7 e3 33. fxe3 Bxe3+ 34. Kg2
Bd4 35. Be6+ Kh8 36. Rf7 Ne4 37. Rf4 Ng5 38. Nxd4 cxd4 39. Rxd4 Nxe6 40. dxe6
Rxe6 1/2-1/2

[Event "TCh-TUR Super League 2015"]
[Site "Kocaeli TUR"]
[Date "2015.08.11"]
[Round "8.4"]
[Board "7"]
[White "Tasdogen, Dincer"]
[Black "Temizkan, Denizcan"]
[Result "0-1"]
[BlackTitle "FM"]
[WhiteElo "1957"]
[BlackElo "1906"]
[WhiteTeam "Calli Sports Club"]
[BlackTeam "Hatay Buyuksehir Belediyesi Genclik Sports Club"]
[WhiteFideId "6367097"]
[BlackFideId "6325157"]
[EventDate "2015.08.04"]

1. e4 e5 2. Nf3 Nc6 3. Nc3 Nf6 4. Bb5 Bb4 5. O-O O-O 6. d3 d6 7. Bg5 Ne7 8. Nh4
c6 9. Ba4 Nd7 10. Bb3 Nc5 11. Nf5 Bxf5 12. exf5 h6 13. Bh4 Qd7 14. f6 Ng6 15.
fxg7 Kxg7 16. Bg3 Ne6 17. Ne2 f5 18. f4 Bc5+ 19. Kh1 Rae8 20. Qd2 Kh7 21. c3 Bb6
22. Rae1 Ng7 23. d4 e4 24. c4 Nh5 25. Bf2 Qe7 26. Qe3 Nf6 27. h3 d5 28. c5 Bc7
29. Bg1 Rg8 30. Ng3 Qe6 31. Bd1 Re7 32. Bh2 Nh4 33. Rf2 Reg7 34. Rg1 a5 35. a3
b6 36. b4 axb4 37. axb4 Ra8 38. Nh5 Nxh5 39. Bxh5 Bd8 40. g3 Ng6 41. g4 Nh4 42.
g5 Bc7 43. cxb6 Bxb6 44. Bg3 Ng6 45. Rfg2 hxg5 46. fxg5 Bc7 47. Rf2 Bxg3 48.
Rxg3 Rb7 49. Qd2 Ra1+ 50. Kg2 Ra4 51. Rb3 Nh4+ 52. Kg3 Ng6 53. Kg2 Qd6 54. Bxg6+
Kxg6 55. Qe2 Raxb4 56. Ra3 Rb3 57. Rxb3 Rxb3 58. h4 Qg3+ 59. Kh1 Rb1+ 60. Rf1
Qxh4+ 61. Kg1 Qg3+ 62. Kh1 Qh3+ 63. Kg1 Rxf1+ 0-1

[Event "TCh-TUR Super League 2015"]
[Site "Kocaeli TUR"]
[Date "2015.08.11"]
[Round "8.4"]
[Board "8"]
[White "Micoogullari, Lara"]
[Black "Uzun, Belemir"]
[Result "1/2-1/2"]
[WhiteElo "1668"]
[BlackElo "1682"]
[WhiteTeam "Hatay Buyuksehir Belediyesi Genclik Sports Club"]
[BlackTeam "Calli Sports Club"]
[WhiteFideId "6344968"]
[BlackFideId "6365655"]
[EventDate "2015.08.04"]

1. Nf3 Nf6 2. g3 d5 3. Bg2 g6 4. b3 Bg7 5. Bb2 c5 6. O-O O-O 7. d4 cxd4 8. Nxd4
Nc6 9. Nd2 Qb6 10. Nxc6 bxc6 11. c4 Rd8 12. Qc2 a5 13. cxd5 cxd5 14. Nf3 Bf5 15.
Bd4 Qxd4 16. Nxd4 Bxc2 17. Nxc2 Rdc8 18. Rac1 Bh6 19. e3 e5 20. Na3 Rab8 21.
Rxc8+ Rxc8 22. Rd1 Rc5 23. Kf1 Kf8 24. Ke2 Ke7 25. f3 Ne8 26. Rd2 1/2-1/2

[Event "TCh-TUR Super League 2015"]
[Site "Kocaeli TUR"]
[Date "2015.08.11"]
[Round "8.5"]
[Board "1"]
[White "Morchiashvili, Bachana"]
[Black "Volkov, Sergey"]
[Result "0-1"]
[WhiteTitle "IM"]
[BlackTitle "GM"]
[WhiteElo "2318"]
[BlackElo "2589"]
[WhiteTeam "Pamukkale Yonetimi Bilisim Sistemleri Zeka"]
[BlackTeam "Kocaeli Buyuksehir Belediyesi Kagit Sports Club"]
[WhiteFideId "13602535"]
[BlackFideId "4122763"]
[EventDate "2015.08.04"]

1. d4 d5 2. c4 c6 3. Nf3 Nf6 4. Nc3 a6 5. c5 Nbd7 6. Bf4 Nh5 7. Bd2 g6 8. e4
dxe4 9. Nxe4 Ndf6 10. Nxf6+ exf6 11. Bc4 Qe7+ 12. Qe2 Qxe2+ 13. Kxe2 Ng7 14. Ba5
Be6 15. b3 Be7 16. Rhd1 Bd8 17. Bc3 Rc8 18. Rac1 O-O 19. d5 cxd5 20. Bxd5 Bxd5
21. Rxd5 Ne6 22. Bd2 Ba5 23. Be3 Rfe8 24. Kd3 Bb4 25. Rc4 a5 26. Kc2 Rc7 27. Kb2
Rec8 28. Nd4 Nxc5 29. Nb5 Na4+ 30. Kc2 Rxc4+ 31. bxc4 Bc5 32. Nd6 Rc6 33. Nxb7
Bxe3 34. Nxa5 Rb6 35. fxe3 Rb2+ 36. Kc1 Rxa2 37. c5 Nc3 38. Rd8+ Kg7 39. c6 Nb5
40. Nb3 Ra6 41. Nd4 Nxd4 42. Rxd4 Rxc6+ 43. Kd2 f5 44. Ke2 g5 45. Kf3 Kg6 46.
Ra4 Rc3 47. Kf2 Rc2+ 48. Kf1 g4 49. Ra6+ f6 50. Ra8 h5 51. Rg8+ Kh7 52. Rf8 Kg7
53. Rb8 Rc1+ 54. Kf2 h4 55. Rb4 Kg6 56. Rb8 Rh1 57. Rh8 g3+ 58. Ke2 Rxh2 59. Kf3
Rh1 60. Ke2 Kg5 61. Ra8 f4 62. e4 Rg1 63. Rg8+ Kh5 64. Rh8+ Kg6 65. Rxh4 Rxg2+
66. Kf1 Rf2+ 67. Kg1 Kg5 68. Rh8 Kg4 0-1